Đang tải...

Quantum collision theory

Chi tiết về thư mục
Tác giả chính: Joachain, Charles J
Định dạng: Printed Book
Được phát hành: Amsterdam, Nath Holland 1975
Những chủ đề:
LEADER 004960000a22001690004500
020 |a 0-720-4-0294-8 
041 |a en 
082 |a 539.754 L5 
100 |a Joachain, Charles J 
245 |a Quantum collision theory 
260 |a Amsterdam, Nath Holland 
260 |c 1975 
650 |a Potential Scattering 
650 |a Scattering Theory 
942 |c BK 
999 |c 151658  |d 151654 
952 |0 0  |1 0  |4 0  |6 539_754000000000000_L5  |7 0  |9 150478  |a SCK  |b SCK  |d 2017-10-23  |l 0  |o 539.754 L5  |p SCK00435  |r 2017-10-23  |w 2017-10-23  |y BK